00333nam a2200133Ia 45000030006000000080041000060400015000471000021000622450044000832500010001272600033001375460012001700050017001820STCL150530s9999 xx 000 0 und d aSTCLcSTCL aPartha Das Gupta aInquiry into well being and destitution aFirst bOxford Clarendon pressc1995 aEnglish20220125165516.0